000 00506nam a2200217Ia 4500
003 OSt
005 20221005113855.0
006 a|||||r|||| 00| 0
007 ta
008 221004b |||||||| |||| 00| 0 hin d
024 _a73758
037 _cTextual
040 _aCRL
_cCRL
_bhin
041 _2hin
_ahin
082 _a520152:N53
245 0 _aAkashvani parsarika
260 _c1953
650 _aPERIODICALS
_946740
942 _h520152:N53
_cTEXL
_2cc
999 _c1029608
_d1029608